[Event "DEM U18 2018"]
[Site "Willingen GER"]
[Date "2018.05.22"]
[Round "4"]
[White "Kololli, Martin"]
[Black "Muckle, Julius"]
[Result "1/2-1/2"]
[Termination "normal"]
[Board "5"]
[BlackTitle "FM"]
[WhiteElo "2336"]
[BlackElo "2344"]
[WhiteClock "00:18:41"]
[BlackClock "00:00:59"]
[PlyCount "139"]
[WhiteFideId "12936910"]
[BlackFideId "12942430"]
[EventCountry "GER"]
[EventRounds "9"]
[EventType "swiss"]
[EventDate "2018.05.19"]

1. c4 {[%clk 1:30:49]} 1... c6 {[%clk 1:30:07]} 2. e4 {[%clk 1:30:39]} 2... d5
{[%clk 1:30:31]} 3. exd5 {[%clk 1:30:56]} 3... cxd5 {[%clk 1:30:58]} 4. cxd5 {
[%clk 1:31:16]} 4... Nf6 {[%clk 1:31:19]} 5. Nc3 {[%clk 1:31:37]} 5... Nbd7 {
[%clk 0:47:04]} 6. Nf3 {[%clk 1:15:20]} 6... a6 {[%clk 0:40:29]} 7. d4 { [%clk
1:09:02]} 7... Nb6 {[%clk 0:40:29]} 8. Ne5 {[%clk 1:08:03]} 8... Nfxd5 { [%clk
0:36:06]} 9. Bd3 {[%clk 0:58:38]} 9... g6 {[%clk 0:33:51]} 10. Qf3 { [%clk
0:47:09]} 10... Be6 {[%clk 0:31:19]} 11. O-O {[%clk 0:38:09]} 11... Bg7 { [%clk
0:31:19]} 12. Ne2 {[%clk 0:38:09]} 12... O-O {[%clk 0:31:19]} 13. a3 { [%clk
0:38:09]} 13... Nd7 {[%clk 0:31:19]} 14. Ng4 {[%clk 0:38:09]} 14... h5 { [%clk
0:31:19]} 15. Ne3 {[%clk 0:38:09]} 15... N7f6 {[%clk 0:31:19]} 16. h3 { [%clk
0:18:41]} 16... Rc8 {[%clk 0:00:59]} 17. Nc4 b5 18. Ne5 Nd7 19. Qg3 Nxe5 20.
dxe5 Qb6 21. Kh1 Rfd8 22. f4 h4 23. Qf3 Bf5 24. Bxf5 gxf5 25. Rd1 e6 26. Bd2
Rc2 27. Be1 Rdc8 28. Bf2 Qd8 29. Nc3 Rxb2 30. Nxd5 exd5 31. Rxd5 Qe7 32. Rad1
Rcc2 33. Rd8+ Bf8 34. Be1 Rxg2 35. Qxg2+ Rxg2 36. Kxg2 Qxa3 37. Bxh4 Kh7 38.
Bf6 Bg7 39. R8d3 Qb4 40. Bxg7 Qe4+ 41. Kh2 Kxg7 42. Rd4 Qe3 43. R1d2 Kh7 44.
Kg2 b4 45. Rd7 Kg8 46. Rd8+ Kg7 47. R2d3 Qe4+ 48. Kg3 a5 49. R8d4 Qe1+ 50. Kg2
Qe2+ 51. Kg1 Qe1+ 52. Kg2 a4 53. Rg3+ Kf8 54. Rd8+ Ke7 55. Rgg8 Qe2+ 56. Kg3
Qb5 57. Rb8 Qc6 58. Rgc8 Qd7 59. Rc5 b3 60. Rcb5 Qd3+ 61. Kh4 Qe3 62. Rb4 a3
63. R4b7+ Ke6 64. Rxb3 Qxf4+ 65. Kh5 Qa4 66. R8b4 Qa8 67. Rb8 Qa4 68. R8b4 Qa8
69. Rb8 Qa4 70. R8b4 1/2-1/2

[Event "DEM U18 2018"]
[Site "Willingen GER"]
[Date "2018.05.22"]
[Round "4"]
[White "Niermann, Tristan"]
[Black "Pallas, Sebastian"]
[Result "1-0"]
[Termination "normal"]
[Board "6"]
[WhiteTitle "FM"]
[WhiteElo "2327"]
[BlackElo "2291"]
[WhiteClock "00:21:04"]
[BlackClock "00:08:45"]
[PlyCount "103"]
[WhiteFideId "12990698"]
[BlackFideId "12905453"]
[EventCountry "GER"]
[EventRounds "9"]
[EventType "swiss"]
[EventDate "2018.05.19"]

1. d4 {[%clk 1:30:58]} 1... Nf6 {[%clk 1:30:47]} 2. c4 {[%clk 1:31:24]} 2... b6
{[%clk 1:31:04]} 3. Nc3 {[%clk 1:31:43]} 3... Bb7 {[%clk 1:31:16]} 4. Qc2 {
[%clk 1:32:08]} 4... d5 {[%clk 1:31:15]} 5. cxd5 {[%clk 1:32:32]} 5... Nxd5 {
[%clk 1:31:20]} 6. e4 {[%clk 1:32:46]} 6... Nxc3 {[%clk 1:31:07]} 7. bxc3 {
[%clk 1:33:09]} 7... g6 {[%clk 1:26:20]} 8. h4 {[%clk 1:33:30]} 8... Bg7 {
[%clk 1:12:42]} 9. Bb5+ {[%clk 1:30:34]} 9... c6 {[%clk 1:06:07]} 10. Bc4 {
[%clk 1:30:52]} 10... e5 {[%clk 1:03:17]} 11. Nf3 {[%clk 1:29:16]} 11... Nd7 {
[%clk 0:57:53]} 12. Ba3 {[%clk 1:20:24]} 12... Qf6 {[%clk 0:38:09]} 13. Ng5 {
[%clk 1:16:24]} 13... O-O-O {[%clk 0:38:20]} 14. Nxf7 {[%clk 1:16:28]} 14...
exd4 {[%clk 0:38:17]} 15. Nxd8 {[%clk 1:16:47]} 15... Rxd8 {[%clk 0:38:29]} 16.
cxd4 {[%clk 1:16:55]} 16... Qxd4 {[%clk 0:38:12]} 17. O-O {[%clk 1:10:54]}
17... c5 {[%clk 0:35:15]} 18. Rad1 {[%clk 1:05:04]} 18... Qxe4 {[%clk 0:30:15]}
19. Qxe4 {[%clk 1:05:05]} 19... Bxe4 {[%clk 0:30:42]} 20. Rfe1 {[%clk 0:59:32]}
20... Bc6 {[%clk 0:29:38]} 21. Bc1 {[%clk 0:49:43]} 21... Bd4 {[%clk 0:24:16]}
22. Ba6+ {[%clk 0:46:43]} 22... Kb8 {[%clk 0:15:52]} 23. Bf4+ {[%clk 0:46:20]}
23... Ka8 {[%clk 0:16:17]} 24. Re6 {[%clk 0:32:14]} 24... Ba4 {[%clk 0:11:55]}
25. Rde1 {[%clk 0:31:42]} 25... Nb8 {[%clk 0:10:42]} 26. Be2 {[%clk 0:27:01]}
26... Nc6 {[%clk 0:09:20]} 27. Bf3 {[%clk 0:26:34]} 27... Kb7 {[%clk 0:07:23]}
28. Rxc6 {[%clk 0:25:57]} 28... Bxc6 {[%clk 0:07:42]} 29. Re7+ {[%clk 0:26:23]}
29... Ka6 {[%clk 0:08:09]} 30. Bxc6 {[%clk 0:26:47]} 30... c4 {[%clk 0:08:08]}
31. Rd7 {[%clk 0:23:46]} 31... Rxd7 {[%clk 0:07:47]} 32. Bxd7 {[%clk 0:24:11]}
32... b5 {[%clk 0:07:22]} 33. Kf1 {[%clk 0:24:18]} 33... b4 {[%clk 0:07:24]}
34. Be6 {[%clk 0:24:05]} 34... Kb5 {[%clk 0:07:41]} 35. Ke2 {[%clk 0:24:10]}
35... a5 {[%clk 0:07:52]} 36. Be3 {[%clk 0:21:49]} 36... Bf6 {[%clk 0:06:06]}
37. Bd7+ {[%clk 0:21:26]} 37... Ka6 {[%clk 0:06:34]} 38. Bg5 {[%clk 0:20:53]}
38... Bd4 {[%clk 0:05:10]} 39. Ba4 {[%clk 0:20:54]} 39... Kb6 {[%clk 0:04:44]}
40. Bd8+ {[%clk 0:21:04]} 40... Ka6 {[%clk 0:05:10]} 41. g4 {[%clk 0:20:50]}
41... Bb6 {[%clk 0:05:01]} 42. Bxb6 {[%clk 0:20:53]} 42... Kxb6 {[%clk 0:05:26]
} 43. Ke3 {[%clk 0:20:36]} 43... Kc5 {[%clk 0:05:48]} 44. Ke4 {[%clk 0:20:53]}
44... b3 {[%clk 0:06:08]} 45. axb3 {[%clk 0:20:11]} 45... Kb4 {[%clk 0:06:33]}
46. bxc4 {[%clk 0:19:41]} 46... Kxa4 {[%clk 0:06:58]} 47. c5 {[%clk 0:19:25]}
47... Kb5 {[%clk 0:07:20]} 48. Kd5 {[%clk 0:19:50]} 48... a4 {[%clk 0:07:32]}
49. c6 {[%clk 0:20:15]} 49... a3 {[%clk 0:07:49]} 50. c7 {[%clk 0:20:41]} 50...
a2 {[%clk 0:08:17]} 51. c8=Q {[%clk 0:21:04]} 51... a1=Q {[%clk 0:08:45]} 52.
Qb7+ 1-0

[Event "DEM U18 2018"]
[Site "Willingen GER"]
[Date "2018.05.22"]
[Round "4"]
[White "Rieß, Alexander"]
[Black "Oberhofer, Cédric"]
[Result "1/2-1/2"]
[Termination "normal"]
[Board "7"]
[WhiteTitle "FM"]
[WhiteElo "2279"]
[BlackElo "2158"]
[WhiteClock "00:03:48"]
[BlackClock "00:05:40"]
[PlyCount "76"]
[WhiteFideId "12953326"]
[BlackFideId "12941220"]
[EventCountry "GER"]
[EventRounds "9"]
[EventType "swiss"]
[EventDate "2018.05.19"]

1. d4 {[%clk 1:30:59]} 1... Nf6 {[%clk 1:30:53]} 2. c4 {[%clk 1:31:21]} 2... g6
{[%clk 1:31:17]} 3. Nc3 {[%clk 1:31:20]} 3... d5 {[%clk 1:31:39]} 4. Nf3 {
[%clk 1:29:48]} 4... Bg7 {[%clk 1:31:51]} 5. cxd5 {[%clk 1:28:52]} 5... Nxd5 {
[%clk 1:32:13]} 6. e4 {[%clk 1:29:14]} 6... Nxc3 {[%clk 1:32:36]} 7. bxc3 {
[%clk 1:29:38]} 7... c5 {[%clk 1:32:41]} 8. Be3 {[%clk 1:29:56]} 8... O-O {
[%clk 1:31:32]} 9. Be2 {[%clk 1:27:47]} 9... b6 {[%clk 1:22:17]} 10. O-O {
[%clk 1:26:55]} 10... Nd7 {[%clk 1:16:14]} 11. Rc1 {[%clk 1:20:38]} 11... Qc7 {
[%clk 1:11:52]} 12. d5 {[%clk 1:10:09]} 12... Nf6 {[%clk 1:06:55]} 13. Qc2 {
[%clk 1:05:46]} 13... e6 {[%clk 0:55:30]} 14. c4 {[%clk 0:56:17]} 14... exd5 {
[%clk 0:52:52]} 15. exd5 {[%clk 0:54:19]} 15... Ng4 {[%clk 0:48:44]} 16. Bd2 {
[%clk 0:51:09]} 16... Bf5 {[%clk 0:46:09]} 17. Bd3 {[%clk 0:50:58]} 17... Bxd3
{[%clk 0:44:01]} 18. Qxd3 {[%clk 0:51:21]} 18... Ne5 {[%clk 0:41:59]} 19. Nxe5
{[%clk 0:51:14]} 19... Bxe5 {[%clk 0:42:17]} 20. g3 {[%clk 0:50:56]} 20... Rfe8
{[%clk 0:37:02]} 21. Rfe1 {[%clk 0:49:43]} 21... Qd7 {[%clk 0:31:04]} 22. Re4 {
[%clk 0:46:52]} 22... Bd4 {[%clk 0:23:53]} 23. Rxd4 {[%clk 0:43:30]} 23... cxd4
{[%clk 0:24:20]} 24. Qxd4 {[%clk 0:43:50]} 24... Qd6 {[%clk 0:21:13]} 25. Bc3 {
[%clk 0:23:43]} 25... f6 {[%clk 0:21:32]} 26. Qxf6 {[%clk 0:24:03]} 26... Qxf6
{[%clk 0:21:58]} 27. Bxf6 27... Kf7 {[%clk 0:19:26]} 28. Bg5 {[%clk 0:24:13]}
28... Re5 {[%clk 0:15:54]} 29. Bf4 {[%clk 0:16:03]} 29... Rf5 {[%clk 0:13:08]}
30. Rd1 {[%clk 0:13:58]} 30... Ke7 {[%clk 0:10:20]} 31. Kg2 {[%clk 0:10:43]}
31... Rc8 {[%clk 0:09:47]} 32. Rd4 {[%clk 0:11:07]} 32... Kd7 {[%clk 0:07:48]}
33. Kf3 {[%clk 0:06:17]} 33... h5 {[%clk 0:06:32]} 34. h4 {[%clk 0:05:50]}
34... Rc5 {[%clk 0:05:49]} 35. Ke4 {[%clk 0:04:37]} 35... Rf8 {[%clk 0:04:25]}
36. Ke5 {[%clk 0:03:08]} 36... Rf5+ {[%clk 0:04:51]} 37. Ke4 {[%clk 0:03:33]}
37... Rf8 {[%clk 0:05:19]} 38. Ke5 {[%clk 0:03:48]} 38... Rf5+ {[%clk 0:05:40]}
1/2-1/2

[Event "DEM U18 2018"]
[Site "Willingen GER"]
[Date "2018.05.22"]
[Round "4"]
[White "Degenhard, Simon"]
[Black "Fieberg, Samuel"]
[Result "1-0"]
[Termination "normal"]
[Board "9"]
[WhiteTitle "FM"]
[BlackTitle "FM"]
[WhiteElo "2189"]
[BlackElo "2248"]
[WhiteClock "00:01:32"]
[BlackClock "00:00:34"]
[PlyCount "123"]
[WhiteFideId "12944017"]
[BlackFideId "12901717"]
[EventCountry "GER"]
[EventRounds "9"]
[EventType "swiss"]
[EventDate "2018.05.19"]

1. e4 {[%clk 1:30:57]} 1... c5 {[%clk 1:30:57]} 2. Nf3 {[%clk 1:31:13]} 2... d6
{[%clk 1:31:20]} 3. d4 {[%clk 1:31:30]} 3... cxd4 {[%clk 1:31:47]} 4. Nxd4 {
[%clk 1:31:52]} 4... Nf6 {[%clk 1:32:13]} 5. Nc3 {[%clk 1:32:07]} 5... a6 {
[%clk 1:32:39]} 6. Be3 {[%clk 1:32:26]} 6... e5 {[%clk 1:33:02]} 7. Nb3 { [%clk
1:32:50]} 7... Be7 {[%clk 1:33:26]} 8. h3 {[%clk 1:32:46]} 8... O-O { [%clk
1:32:12]} 9. f4 {[%clk 1:30:40]} 9... b5 {[%clk 1:25:46]} 10. Qf3 { [%clk
1:20:05]} 10... Bb7 {[%clk 1:10:04]} 11. O-O-O {[%clk 1:16:02]} 11... Nbd7
{[%clk 1:06:21]} 12. g4 {[%clk 1:09:38]} 12... b4 {[%clk 1:00:57]} 13. Nd5
{[%clk 1:08:54]} 13... Nxd5 {[%clk 1:01:09]} 14. exd5 {[%clk 1:09:15]} 14... a5
{[%clk 1:01:08]} 15. fxe5 {[%clk 0:55:55]} 15... dxe5 {[%clk 0:58:58]} 16. Bb5
{[%clk 0:48:14]} 16... a4 {[%clk 0:52:26]} 17. Nd2 {[%clk 0:48:09]} 17... Nb6 {
[%clk 0:36:59]} 18. Bc6 {[%clk 0:46:20]} 18... Bxc6 {[%clk 0:23:53]} 19. dxc6 {
[%clk 0:46:17]} 19... Qc7 {[%clk 0:20:10]} 20. Qe4 {[%clk 0:36:43]} 20... Rfc8
{[%clk 0:16:24]} 21. Bxb6 {[%clk 0:34:58]} 21... Qxb6 {[%clk 0:16:41]} 22. Nc4
{[%clk 0:34:55]} 22... Qxc6 {[%clk 0:16:17]} 23. Qxc6 {[%clk 0:35:10]} 23...
Rxc6 {[%clk 0:16:43]} 24. Nxe5 {[%clk 0:34:58]} 24... Rc5 {[%clk 0:16:00]} 25.
Nd3 {[%clk 0:32:24]} 25... Rc7 {[%clk 0:15:47]} 26. Rh2 {[%clk 0:27:58]} 26...
Rac8 {[%clk 0:10:01]} 27. Kb1 {[%clk 0:26:48]} 27... g6 {[%clk 0:09:24]} 28.
Re1 {[%clk 0:24:47]} 28... Bd6 {[%clk 0:09:05]} 29. Rg2 {[%clk 0:19:33]} 29...
Kg7 {[%clk 0:09:28]} 30. Re4 {[%clk 0:19:24]} 30... Rc4 {[%clk 0:08:59]} 31.
Rge2 {[%clk 0:18:02]} 31... R8c6 {[%clk 0:04:15]} 32. b3 {[%clk 0:14:08]} 32...
axb3 {[%clk 0:04:10]} 33. axb3 {[%clk 0:12:40]} 33... Rxe4 {[%clk 0:04:36]} 34.
Rxe4 {[%clk 0:13:04]} 34... Rb6 {[%clk 0:03:03]} 35. c3 {[%clk 0:12:41]} 35...
f5 {[%clk 0:02:23]} 36. Rc4 {[%clk 0:09:47]} 36... fxg4 {[%clk 0:02:34]} 37.
Rxg4 {[%clk 0:07:53]} 37... bxc3 {[%clk 0:01:57]} 38. Kc2 {[%clk 0:08:15]}
38... h5 {[%clk 0:02:09]} 39. Rc4 {[%clk 0:07:55]} 39... g5 {[%clk 0:02:01]}
40. Kxc3 {[%clk 0:07:50]} 40... Kf6 {[%clk 0:01:23]} 41. b4 {[%clk 0:07:15]}
41... Kf5 {[%clk 0:26:30]} 42. Kd4 {[%clk 0:31:43]} 42... g4 {[%clk 0:23:38]}
43. hxg4+ {[%clk 0:31:44]} 43... Kxg4 {[%clk 0:22:58]} 44. Nc5 {[%clk 0:28:09]}
44... Kh3 {[%clk 0:15:37]} 45. Rc3+ {[%clk 0:22:19]} 45... Bg3 {[%clk 0:13:33]}
46. Rb3 {[%clk 0:21:49]} 46... Kg4 {[%clk 0:11:33]} 47. Ne4 {[%clk 0:20:55]}
47... Be1 {[%clk 0:10:47]} 48. b5 {[%clk 0:19:19]} 48... h4 {[%clk 0:09:05]}
49. Rb1 {[%clk 0:19:14]} 49... Ba5 {[%clk 0:07:24]} 50. Kc5 {[%clk 0:18:03]}
50... Re6 {[%clk 0:07:31]} 51. Kd5 {[%clk 0:11:33]} 51... Rh6 {[%clk 0:07:25]}
52. Rb3 {[%clk 0:07:19]} 52... Bb6 {[%clk 0:07:02]} 53. Ke5 {[%clk 0:06:44]}
53... Rh5+ {[%clk 0:05:49]} 54. Kd6 {[%clk 0:06:28]} 54... Kf4 {[%clk 0:04:59]}
55. Kc6 {[%clk 0:04:12]} 55... Rh6+ {[%clk 0:05:08]} 56. Nd6 {[%clk 0:04:36]}
56... Bf2 {[%clk 0:02:09]} 57. b6 {[%clk 0:03:19]} 57... h3 {[%clk 0:01:45]}
58. b7 {[%clk 0:03:35]} 58... h2 {[%clk 0:00:49]} 59. b8=Q {[%clk 0:02:49]}
59... h1=Q+ {[%clk 0:00:58]} 60. Kd7 {[%clk 0:03:03]} 60... Rh7+ { [%clk
0:00:38]} 61. Nf7+ {[%clk 0:01:32]} 61... Ke4 {[%clk 0:00:34]} 62. Qe5# 1-0

[Event "DEM U18 2018"]
[Site "Willingen GER"]
[Date "2018.05.22"]
[Round "4"]
[White "Schmidek, Emil"]
[Black "Focke, Adrian"]
[Result "1-0"]
[Termination "normal"]
[Board "10"]
[WhiteTitle "FM"]
[WhiteElo "2395"]
[BlackElo "1775"]
[WhiteClock "00:00:46"]
[BlackClock "00:07:54"]
[PlyCount "65"]
[WhiteFideId "12908150"]
[BlackFideId "12969869"]
[EventCountry "GER"]
[EventRounds "9"]
[EventType "swiss"]
[EventDate "2018.05.19"]

1. e4 {[%clk 1:30:59]} 1... c5 {[%clk 1:30:54]} 2. Nf3 {[%clk 1:31:26]} 2... e6
{[%clk 1:31:20]} 3. d4 {[%clk 1:31:53]} 3... cxd4 {[%clk 1:31:45]} 4. Nxd4 {
[%clk 1:32:19]} 4... a6 {[%clk 1:32:11]} 5. Nc3 {[%clk 1:32:38]} 5... Qc7 {
[%clk 1:31:55]} 6. Bd3 {[%clk 1:32:36]} 6... Nf6 {[%clk 1:31:34]} 7. O-O {
[%clk 1:30:16]} 7... Be7 {[%clk 1:30:43]} 8. Qe2 {[%clk 1:29:39]} 8... d6 {
[%clk 1:30:08]} 9. Kh1 {[%clk 1:24:50]} 9... Nbd7 {[%clk 1:28:16]} 10. Bd2 {
[%clk 1:22:14]} 10... b6 {[%clk 1:26:57]} 11. Rae1 {[%clk 1:21:13]} 11... Bb7 {
[%clk 1:17:40]} 12. f4 {[%clk 1:17:53]} 12... O-O {[%clk 1:14:07]} 13. Rf3 {
[%clk 0:44:28]} 13... Nc5 {[%clk 1:02:54]} 14. Rh3 {[%clk 0:42:31]} 14... g6 {
[%clk 0:59:41]} 15. g4 {[%clk 0:29:37]} 15... Rfe8 {[%clk 0:47:22]} 16. g5 {
[%clk 0:22:22]} 16... Nh5 {[%clk 0:45:55]} 17. f5 {[%clk 0:18:57]} 17... exf5 {
[%clk 0:43:39]} 18. Nxf5 {[%clk 0:18:42]} 18... Nxd3 {[%clk 0:42:55]} 19. cxd3
{[%clk 0:17:21]} 19... Bf8 {[%clk 0:41:12]} 20. Qf2 {[%clk 0:16:07]} 20... Qd7
{[%clk 0:36:23]} 21. Kg1 {[%clk 0:10:01]} 21... Rad8 {[%clk 0:28:38]} 22. Qh4 {
[%clk 0:07:33]} 22... d5 {[%clk 0:25:18]} 23. Ng3 {[%clk 0:07:03]} 23... dxe4 {
[%clk 0:22:47]} 24. Ncxe4 {[%clk 0:03:38]} 24... Bxe4 {[%clk 0:21:56]} 25. Nxe4
{[%clk 0:03:20]} 25... Bg7 {[%clk 0:21:18]} 26. Bc3 {[%clk 0:03:00]} 26... Bd4+
{[%clk 0:17:41]} 27. Kg2 {[%clk 0:02:51]} 27... Re6 {[%clk 0:14:03]} 28. Qg4 {
[%clk 0:02:10]} 28... Qc6 {[%clk 0:11:24]} 29. Rf3 {[%clk 0:01:18]} 29... Bxc3
{[%clk 0:09:40]} 30. bxc3 {[%clk 0:01:40]} 30... Rde8 {[%clk 0:07:55]} 31. Kg1
{[%clk 0:01:11]} 31... f5 {[%clk 0:07:36]} 32. gxf6 {[%clk 0:01:21]} 32... Nxf6
{[%clk 0:07:54]} 33. Nxf6+ {[%clk 0:00:46]} 1-0

[Event "DEM U18 2018"]
[Site "Willingen GER"]
[Date "2018.05.22"]
[Round "4"]
[White "Schmohel, Andreas"]
[Black "Buckels, Valentin"]
[Result "0-1"]
[Termination "normal"]
[Board "11"]
[BlackTitle "FM"]
[WhiteElo "1782"]
[BlackElo "2340"]
[WhiteClock "00:25:59"]
[BlackClock "01:16:58"]
[PlyCount "30"]
[WhiteFideId "16228006"]
[BlackFideId "12942766"]
[EventCountry "GER"]
[EventRounds "9"]
[EventType "swiss"]
[EventDate "2018.05.19"]

1. d4 {[%clk 1:30:57]} 1... Nf6 {[%clk 1:30:57]} 2. Nf3 {[%clk 1:31:20]} 2...
e6 {[%clk 1:31:20]} 3. e3 {[%clk 1:31:42]} 3... b6 {[%clk 1:31:04]} 4. Bd3 {
[%clk 1:31:59]} 4... Bb7 {[%clk 1:31:27]} 5. O-O {[%clk 1:32:16]} 5... c5 {
[%clk 1:31:21]} 6. b3 {[%clk 1:28:31]} 6... Nc6 {[%clk 1:28:21]} 7. a3 { [%clk
1:27:43]} 7... d5 {[%clk 1:28:14]} 8. Bb2 {[%clk 1:27:45]} 8... Bd6 { [%clk
1:26:14]} 9. Ne5 {[%clk 1:25:20]} 9... O-O {[%clk 1:26:25]} 10. Nd2 { [%clk
1:23:36]} 10... Qc7 {[%clk 1:24:43]} 11. f4 {[%clk 1:17:46]} 11... Ne7 { [%clk
1:24:17]} 12. Qf3 {[%clk 1:10:01]} 12... c4 {[%clk 1:23:33]} 13. g4 { [%clk
0:36:24]} 13... cxd3 {[%clk 1:19:19]} 14. cxd3 {[%clk 0:34:55]} 14... Qc2
{[%clk 1:18:26]} 15. Qe2 {[%clk 0:25:59]} 15... Qxb2 {[%clk 1:16:58]} 0-1

[Event "DEM U18 2018"]
[Site "Willingen GER"]
[Date "2018.05.22"]
[Round "4"]
[White "Ortmeier, Leonhard"]
[Black "Gelman, Josef"]
[Result "1-0"]
[Termination "normal"]
[Board "12"]
[WhiteElo "2141"]
[BlackElo "1962"]
[WhiteClock "00:49:58"]
[BlackClock "00:03:36"]
[PlyCount "136"]
[WhiteFideId "12993662"]
[BlackFideId "12959642"]
[EventCountry "GER"]
[EventRounds "9"]
[EventType "swiss"]
[EventDate "2018.05.19"]

1. e4 {[%clk 1:30:43]} 1... c6 {[%clk 1:30:58]} 2. d4 {[%clk 1:23:33]} 2... d5
{[%clk 1:31:25]} 3. e5 {[%clk 1:23:28]} 3... c5 {[%clk 1:31:52]} 4. dxc5 {
[%clk 1:19:03]} 4... e6 {[%clk 1:32:21]} 5. a3 {[%clk 1:18:43]} 5... Bxc5 {
[%clk 1:30:14]} 6. b4 {[%clk 1:16:49]} 6... Bb6 {[%clk 1:30:38]} 7. Nf3 { [%clk
1:17:10]} 7... Nd7 {[%clk 1:28:45]} 8. Bd3 {[%clk 1:17:28]} 8... a5 { [%clk
1:13:59]} 9. Bb2 {[%clk 1:16:50]} 9... axb4 {[%clk 1:09:48]} 10. axb4 { [%clk
1:17:09]} 10... Rxa1 {[%clk 1:10:14]} 11. Bxa1 {[%clk 1:17:30]} 11... Qe7
{[%clk 0:57:38]} 12. Qd2 {[%clk 1:17:17]} 12... Nh6 {[%clk 0:54:15]} 13. O-O {
[%clk 1:16:46]} 13... Nf8 {[%clk 0:44:55]} 14. g3 {[%clk 1:13:03]} 14... Ng6 {
[%clk 0:38:55]} 15. h4 {[%clk 1:13:14]} 15... Bd7 {[%clk 0:27:57]} 16. Na3 {
[%clk 1:12:29]} 16... Nf5 {[%clk 0:18:18]} 17. Kg2 {[%clk 1:01:23]} 17... h5 {
[%clk 0:10:58]} 18. Ng5 {[%clk 0:59:02]} 18... O-O {[%clk 0:03:41]} 19. Be2 {
[%clk 0:49:58]} 19... Bc7 {[%clk 0:03:36]} 20. f4 Bb6 21. Kh2 Ra8 22. Bb2 Be3
23. Qe1 Bd4 24. c3 Bb6 25. Bxh5 d4 26. cxd4 Bxd4 27. Bxd4 Nxd4 28. Qc3 Nb5 29.
Nxb5 Bxb5 30. Rc1 Qd7 31. Rd1 Qc6 32. Qxc6 Bxc6 33. Bxg6 fxg6 34. Nxe6 Ra2+ 35.
Kh3 Bg2+ 36. Kg4 Kf7 37. Ng5+ Ke7 38. e6 Bc6 39. h5 Bb5 40. Kh3 gxh5 41. Rc1
Rb2 42. Re1 Be2 43. Ne4 Kxe6 44. Nc3 Rxb4 45. Rxe2+ Kf7 46. Kh4 g6 47. Nd5 Rd4
48. Re7+ Kf8 49. Re5 Kg7 50. Nc3 Kh6 51. Ne4 Rd1 52. Kh3 Re1 53. Ng5 Rxe5 54.
Nf7+ Kg7 55. Nxe5 b5 56. Kh4 b4 57. Kg5 b3 58. Nd3 Kh7 59. f5 gxf5 60. Kxh5 Kg7
61. Kg5 Kh7 62. Kxf5 Kh6 63. g4 Kg7 64. g5 Kf7 65. g6+ Kg7 66. Kg5 Kg8 67. Kf6
Kf8 68. g7+ Kg8 1-0

[Event "DEM U18 2018"]
[Site "Willingen GER"]
[Date "2018.05.22"]
[Round "4"]
[White "Zimmer, Luca"]
[Black "Mätzkow, Maximilian Paul"]
[Result "0-1"]
[Termination "normal"]
[Board "13"]
[WhiteElo "1633"]
[BlackElo "2171"]
[WhiteClock "00:04:05"]
[BlackClock "00:34:09"]
[PlyCount "66"]
[WhiteFideId "12921424"]
[BlackFideId "24679933"]
[EventCountry "GER"]
[EventRounds "9"]
[EventType "swiss"]
[EventDate "2018.05.19"]

1. e4 {[%clk 1:30:57]} 1... c5 {[%clk 1:30:57]} 2. Nc3 {[%clk 1:31:13]} 2...
Nc6 {[%clk 1:31:08]} 3. f4 {[%clk 1:31:27]} 3... g6 {[%clk 1:31:33]} 4. Nf3 {
[%clk 1:31:46]} 4... Bg7 {[%clk 1:31:56]} 5. Bb5 {[%clk 1:32:11]} 5... Nd4 {
[%clk 1:32:03]} 6. O-O {[%clk 1:32:30]} 6... Nxb5 {[%clk 1:31:57]} 7. Nxb5 {
[%clk 1:32:44]} 7... d5 {[%clk 1:32:18]} 8. exd5 {[%clk 1:23:01]} 8... a6 {
[%clk 1:32:41]} 9. Nc3 {[%clk 1:22:58]} 9... Nf6 {[%clk 1:32:46]} 10. d3 {
[%clk 1:13:18]} 10... Nxd5 {[%clk 1:32:27]} 11. Nxd5 {[%clk 1:02:42]} 11...
Qxd5 {[%clk 1:32:50]} 12. Qe2 {[%clk 1:02:52]} 12... Be6 {[%clk 1:20:27]} 13.
Ng5 {[%clk 0:44:51]} 13... Bd7 {[%clk 1:20:21]} 14. c3 {[%clk 0:41:02]} 14...
O-O {[%clk 1:17:32]} 15. Be3 {[%clk 0:39:58]} 15... Bc6 {[%clk 1:14:03]} 16.
Rfd1 {[%clk 0:33:12]} 16... h6 {[%clk 0:50:54]} 17. Nf3 {[%clk 0:30:38]} 17...
Qh5 {[%clk 0:50:36]} 18. Rd2 {[%clk 0:25:48]} 18... Rad8 {[%clk 0:46:37]} 19.
Re1 {[%clk 0:21:56]} 19... Bxf3 {[%clk 0:43:24]} 20. Qxf3 {[%clk 0:21:40]}
20... Qxf3 {[%clk 0:43:52]} 21. gxf3 {[%clk 0:22:01]} 21... Rd5 {[%clk 0:43:51]
} 22. Bf2 {[%clk 0:20:02]} 22... e6 {[%clk 0:41:14]} 23. Red1 {[%clk 0:19:05]}
23... Rfd8 {[%clk 0:40:38]} 24. Bg3 {[%clk 0:16:43]} 24... h5 {[%clk 0:40:23]}
25. Kf2 {[%clk 0:14:36]} 25... Bh6 {[%clk 0:40:25]} 26. Bh4 {[%clk 0:11:36]}
26... R8d7 {[%clk 0:36:56]} 27. Bg5 {[%clk 0:11:15]} 27... Bxg5 {[%clk 0:35:13]
} 28. fxg5 {[%clk 0:11:39]} 28... Rxg5 {[%clk 0:35:40]} 29. d4 {[%clk 0:10:04]}
29... Rgd5 {[%clk 0:35:55]} 30. Ke3 {[%clk 0:10:15]} 30... c4 {[%clk 0:35:54]}
31. b3 {[%clk 0:08:16]} 31... Rc7 {[%clk 0:34:55]} 32. Rc1 {[%clk 0:05:11]}
32... Kg7 {[%clk 0:34:13]} 33. Rb2 {[%clk 0:04:05]} 33... b5 {[%clk 0:34:09]}
0-1